MARC

LEADER 00000nam0a2200000 4500
001 261541
005 20231101233555.0
035 |a (RuTPU)RU\TPU\book\284522 
090 |a 261541 
100 |a 20140524d1987 k y0rusy50 ca 
101 0 |a rus 
102 |a RU 
105 |a y z 001zy 
200 1 |a Научные основы прогнозирования и планирования метрологии  |e сборник научных трудов  |f Всесоюзный научно-исследовательский институт метрологической службы (ВНИИМС) 
210 |a Москва  |c Изд-во ВНИИМС  |d 1987 
215 |a 74 с. 
320 |a Библиография в конце статей 
606 1 |a Метрология  |2 stltpush  |3 (RuTPU)RU\TPU\subj\43497  |9 62988 
610 1 |a развитие 
610 1 |a прогноз 
610 1 |a прогнозирование 
610 1 |a территориальные органы 
610 1 |a метрологическая служба 
610 1 |a метрологическое обеспечение 
610 1 |a измерения 
610 1 |a планирование 
675 |a 621:53.08  |v 3 
712 0 2 |a Всесоюзный научно-исследовательский институт метрологической службы (ВНИИМС)  |c (Москва)  |c (1973-1991)  |2 stltpush  |3 (RuTPU)RU\TPU\col\9322 
801 1 |a RU  |b 63413507  |c 20140524 
801 2 |a RU  |b 63413507  |c 20150326  |g RCR 
942 |c BK